| 000 | 00806nam a22002057a 4500 | ||
|---|---|---|---|
| 999 |
_c27264 _d27264 |
||
| 003 | BDDh-ASL | ||
| 005 | 20231015030738.0 | ||
| 008 | 201022s2009 b ||||| |||| 00| 0 b d | ||
| 040 |
_aBDDh-ASL _cBDDh-ASL _dBDDh-ASL |
||
| 041 | _aben | ||
| 082 |
_a954.92 _bKAB |
||
| 100 | 1 |
_95499 _aকাজল, ইসহাক |
|
| 245 | 1 | 0 |
_aবাঙালি ও বাংলাদেশ / _cইসহাক কাজল। |
| 246 | _aBangali O Bangladesh | ||
| 260 |
_aঢাকা: _bইত্যাদি গ্রন্থ প্রকাশ, _c২০০৯। |
||
| 300 |
_a২০৫ পৃষ্ঠা, : _c২২ সে.মি.। |
||
| 504 | _aগ্রন্থপঞ্জি সংযুক্ত । | ||
| 650 | 0 |
_94586 _aHistory (ইতিহাস) _zবাংলাদেশ |
|
| 942 |
_2ddc _cBK |
||